[Event "Brasschaat op 15th"]
[Site "Brasschaat"]
[Date "2015.08.16"]
[Round "2"]
[White "Vanden Bussche, Steven"]
[Black "Gorts, Sven"]
[Result "1/2-1/2"]
[WhiteElo "1814"]
[BlackElo "1980"]
[PlyCount "91"]
[EventDate "2015.08.15"]
[EventType "swiss"]
[EventRounds "9"]
[EventCountry "BEL"]
[SourceTitle "EXT 2016"]
[Source "ChessBase"]
[SourceDate "2015.10.08"]
[SourceVersion "1"]
[SourceVersionDate "2015.10.08"]
[SourceQuality "1"]

1. c4 c5 2. g3 Nc6 3. Bg2 g6 4. Nc3 Bg7 5. d3 d6 6. e3 e5 7. Nge2 Nge7 8. Rb1 0-0 9. Nd5 Nxd5 10. Bxd5 Bh3 11. Bd2 Qc7 12. Nc3 a6 13. Qf3 h5 14. Ne4 Rab8 15. Nf6+ Bxf6 16. Qxf6 Kh7 17. Qh4 Qd7 18. f3 Be6 19. g4 Kg7 20. gxh5 Rh8 21. Rg1 Bxd5 22. cxd5 Qe7 23. Qg4 Nb4 24. Bxb4 cxb4 25. hxg6 f5 26. Qxf5 Rxh2 27. Rc1 Rf8 28. Qe6 Qh4+ 29. Kd1 Rd2+ 30. Kxd2 Qf2+ 31. Kd1 Qxg1+ 32. Kc2 Qxg6 33. Qxg6+ Kxg6 34. Rg1+ Kf6 35. Kb3 a5 36. Ka4 Ke7 37. Rg3 b6 38. Kb5 Rc8 39. Kxb6 Rc2 40. Kxa5 Rxb2 41. Rg7+ Ke8 42. Rg4 b3 43. axb3 Rxb3 44. d4 Rxe3 45. dxe5 dxe5 46. Re4 1/2-1/2

[Event "Brasschaat op 15th"]
[Site "Brasschaat"]
[Date "2015.08.15"]
[Round "1"]
[White "Gorts, Sven"]
[Black "Beukema, Constantijn"]
[Result "1-0"]
[WhiteElo "1980"]
[BlackElo "1624"]
[PlyCount "87"]
[EventDate "2015.08.15"]
[EventType "swiss"]
[EventRounds "9"]
[EventCountry "BEL"]
[SourceTitle "EXT 2016"]
[Source "ChessBase"]
[SourceDate "2015.10.08"]
[SourceVersion "1"]
[SourceVersionDate "2015.10.08"]
[SourceQuality "1"]

1. e4 e5 2. f4 d6 3. Bc4 Nf6 4. Nc3 Nc6 5. Nf3 Be7 6. 0-0 Bg4 7. h3 d5 8. exd5 Bc5+ 9. Kh2 Bxf3 10. Rxf3 Nd4 11. fxe5 Nxf3+ 12. Qxf3 Nd7 13. Qe4 0-0 14. d4 Be7 15. Qg4 f5 16. d6+ Kh8 17. dxe7 Qxe7 18. Qe2 Nb6 19. Bb3 Rad8 20. Be3 f4 21. Bf2 Qg5 22. Qf3 c6 23. Ne4 Qg6 24. Rf1 Nd5 25. c4 Nb6 26. a4 a5 27. Nd6 Qe6 28. Re1 h6 29. d5 cxd5 30. cxd5 Qe7 31. Bxb6 Rxd6 32. Bc5 Rfd8 33. Qe4 Qc7 34. Bc2 g6 35. Bxd6 Rxd6 36. exd6 Qxd6 37. Qe8+ Kg7 38. Re7+ Kf6 39. Re6+ Qxe6 40. Qxe6+ Kg7 41. Qe7+ Kh8 42. Bxg6 Kg8 43. Qf7+ Kh8 44. Qf8# 1-0

[Event "Maastricht Limburg op-B 8th"]
[Site "Maastricht"]
[Date "2014.06.06"]
[Round "1"]
[White "Wuijts, Johan"]
[Black "Gorts, Sven"]
[Result "1-0"]
[WhiteElo "1756"]
[BlackElo "1916"]
[PlyCount "73"]
[EventDate "2014.06.06"]
[EventType "swiss"]
[EventRounds "7"]
[EventCountry "NED"]
[SourceTitle "EXT 2015"]
[Source "ChessBase"]
[SourceDate "2014.11.20"]
[SourceVersion "1"]
[SourceVersionDate "2014.11.20"]
[SourceQuality "1"]

1. b3 d5 2. e3 e5 3. Bb2 Bd6 4. Nf3 Nd7 5. c4 Ngf6 6. d4 e4 7. Ne5 c6 8. cxd5 cxd5 9. Be2 0-0 10. 0-0 Qc7 11. Nc3 Nxe5 12. Nb5 Nf3+ 13. gxf3 Bxh2+ 14. Kh1 Qb8 15. f4 Bxf4 16. exf4 Qxf4 17. Ba3 Qh4+ 18. Kg1 Rd8 19. Qd2 Bh3 20. Rfe1 a6 21. Nd6 g5 22. Qe3 Nh5 23. Bxh5 Qxh5 24. Qg3 f5 25. Re3 Bg4 26. Qe5 Rxd6 27. Bxd6 Qf7 28. Rc3 Re8 29. Rc7 Rxe5 30. Rxf7 Kxf7 31. Bxe5 Kg6 32. Rc1 Be2 33. Rc5 Kh5 34. Rxd5 Kg4 35. Rd7 h5 36. Rg7 f4 37. Bf6 1-0

[Event "Groningen op compact-A 51st"]
[Site "Groningen"]
[Date "2013.12.27"]
[Round "2"]
[White "Wubben, Marcel"]
[Black "Gorts, Sven"]
[Result "1/2-1/2"]
[WhiteElo "2043"]
[BlackElo "1950"]
[PlyCount "58"]
[EventDate "2013.12.26"]
[EventType "swiss"]
[EventRounds "5"]
[EventCountry "NED"]
[SourceTitle "CBM 158 Extra"]
[Source "ChessBase"]
[SourceDate "2014.02.28"]
[SourceVersion "1"]
[SourceVersionDate "2014.02.28"]
[SourceQuality "1"]

1. d4 Nf6 2. c4 g6 3. Nc3 Bg7 4. e4 d6 5. Be2 0-0 6. Nf3 e5 7. 0-0 Nc6 8. d5 Ne7 9. Bg5 h6 10. Bxf6 Bxf6 11. b4 Bg7 12. c5 f5 13. Nd2 fxe4 14. cxd6 cxd6 15. Ncxe4 Bf5 16. Rc1 Bxe4 17. Nxe4 Nf5 18. Bd3 h5 19. Rc3 Bh6 20. Ng3 h4 21. Ne4 Rf7 22. Qg4 Kg7 23. Bb1 Qe7 24. b5 Raf8 25. a4 Ne3 26. Rxe3 Bxe3 27. Qe6 Qxe6 28. dxe6 Rc7 29. e7 Bxf2+ 1/2-1/2

[Event "Brasschaat op 13th"]
[Site "Brasschaat"]
[Date "2013.08.22"]
[Round "6"]
[White "Kasparova, Tatiana"]
[Black "Gorts, Sven"]
[Result "1-0"]
[WhiteElo "2145"]
[BlackElo "1929"]
[PlyCount "71"]
[EventDate "2013.08.17"]
[EventType "swiss"]
[EventRounds "9"]
[EventCountry "BEL"]
[SourceTitle "CBM 156 Extra"]
[Source "ChessBase"]
[SourceDate "2013.10.22"]
[SourceVersion "1"]
[SourceVersionDate "2013.10.22"]
[SourceQuality "1"]

1. e4 e5 2. Nf3 Nc6 3. Bb5 a6 4. Bxc6 dxc6 5. 0-0 f6 6. d4 Bg4 7. dxe5 Qxd1 8. Rxd1 fxe5 9. Nbd2 0-0-0 10. Re1 Bd6 11. h3 Bh5 12. Nh4 Ne7 13. Nc4 h6 14. Ne3 Bf7 15. Bd2 g5 16. Nhf5 Nxf5 17. Nxf5 b6 18. Bc3 Bg6 19. Rad1 Rh7 20. g4 Rdd7 21. Kg2 Kd8 22. Rd2 Bxf5 23. exf5 Rhe7 24. Rde2 Ke8 25. Bxe5 Bxe5 26. Rxe5 Rxe5 27. Rxe5+ Kf7 28. Re6 Rd6 29. Rxd6 cxd6 30. f4 Kf6 31. Kg3 d5 32. fxg5+ hxg5 33. h4 c5 34. hxg5+ Kxg5 35. Kf3 a5 36. a4 1-0

[Event "Brasschaat op 13th"]
[Site "Brasschaat"]
[Date "2013.08.18"]
[Round "2"]
[White "Gergacz, Attila"]
[Black "Gorts, Sven"]
[Result "1-0"]
[WhiteElo "2370"]
[BlackElo "1929"]
[PlyCount "77"]
[EventDate "2013.08.17"]
[EventType "swiss"]
[EventRounds "9"]
[EventCountry "BEL"]
[SourceTitle "CBM 156 Extra"]
[Source "ChessBase"]
[SourceDate "2013.10.22"]
[SourceVersion "1"]
[SourceVersionDate "2013.10.22"]
[SourceQuality "1"]

1. e4 e5 2. Nf3 Nc6 3. Bc4 Nf6 4. d3 Bc5 5. 0-0 d6 6. c3 Bg4 7. h3 Bd7 8. b4 Bb6 9. a4 a6 10. Be3 Bxe3 11. fxe3 Be6 12. Nbd2 0-0 13. Qe2 Qe7 14. b5 axb5 15. axb5 Na5 16. Bxe6 fxe6 17. Ra4 b6 18. Rfa1 Rfe8 19. Nc4 Qd7 20. Nxa5 Qxb5 21. Rb4 Qc5 22. Nb3 Qxc3 23. Rxa8 Rxa8 24. Qd2 Qc6 25. Qb2 Ra6 26. Nbd2 Qa8 27. Qb3 h6 28. Qxe6+ Kh8 29. Rc4 Qa7 30. Qc8+ Kh7 31. Rxc7 Ra1+ 32. Kh2 Qa3 33. Qf5+ Kg8 34. Qg6 Rh1+ 35. Kxh1 Qa1+ 36. Kh2 Qh1+ 37. Kg3 Nxe4+ 38. Nxe4 Qxg2+ 39. Kxg2 1-0

[Event "Brasschaat op 12th"]
[Site "Brasschaat"]
[Date "2012.08.19"]
[Round "2"]
[White "Gorts, Sven"]
[Black "Dgebuadze, Alexandre"]
[Result "0-1"]
[WhiteElo "1930"]
[BlackElo "2556"]
[PlyCount "72"]
[EventDate "2012.08.18"]
[EventType "swiss"]
[EventRounds "9"]
[EventCountry "BEL"]
[SourceTitle "CBM 150 Extra"]
[Source "ChessBase"]
[SourceDate "2012.10.19"]
[SourceVersion "1"]
[SourceVersionDate "2012.10.19"]
[SourceQuality "1"]

1. Nf3 Nf6 2. c4 g6 3. g3 Bg7 4. Bg2 0-0 5. 0-0 d6 6. d4 Nbd7 7. Nc3 c6 8. b3 Qa5 9. Bb2 Re8 10. Qc2 e5 11. dxe5 dxe5 12. a3 Nf8 13. Nd2 Bf5 14. Nde4 Nxe4 15. Nxe4 Ne6 16. b4 Qc7 17. e3 Ng5 18. h4 Nxe4 19. Bxe4 Bg4 20. f3 Bh3 21. Rf2 Be6 22. g4 Rad8 23. Re1 a5 24. c5 Bd5 25. Ree2 Bxe4 26. Qxe4 axb4 27. axb4 Rd1+ 28. Kg2 Qd7 29. Qc2 e4 30. Bxg7 exf3+ 31. Kxf3 h5 32. gxh5 Qh3+ 33. Kf4 Qxh4+ 34. Kf3 Qh3+ 35. Kf4 g5+ 36. Kxg5 Qg3+ 0-1

[Event "BEL-ch op"]
[Site "Lommel"]
[Date "2012.07.05"]
[Round "6"]
[White "Gorts, Sven"]
[Black "De Schampheleire, Glen"]
[Result "1/2-1/2"]
[WhiteElo "1934"]
[BlackElo "2305"]
[PlyCount "50"]
[EventDate "2012.06.30"]
[EventType "swiss"]
[EventRounds "9"]
[EventCountry "BEL"]
[SourceTitle "EXT 2013"]
[Source "ChessBase"]
[SourceDate "2012.11.22"]
[SourceVersion "1"]
[SourceVersionDate "2012.11.22"]
[SourceQuality "1"]

1. e4 c5 2. Nf3 d6 3. d4 cxd4 4. Nxd4 Nf6 5. Nc3 a6 6. Be2 e6 7. Be3 Be7 8. 0-0 0-0 9. f4 Qc7 10. Kh1 Nc6 11. Qe1 Bd7 12. Qg3 b5 13. a3 Rab8 14. e5 dxe5 15. Nxc6 Bxc6 16. fxe5 Ne4 17. Nxe4 Bxe4 18. c3 Rbd8 19. Rf4 Bg6 20. Bd4 Bc5 21. Rd1 h6 22. h4 Bf5 23. Qe3 Bxd4 24. Rfxd4 Qc5 25. Bf3 Rd7 1/2-1/2

[Event "Charleroi op"]
[Site "Charleroi"]
[Date "2011.08.07"]
[Round "9"]
[White "Baguet, Frederic"]
[Black "Gorts, Sven"]
[Result "1/2-1/2"]
[WhiteElo "2010"]
[BlackElo "1902"]
[PlyCount "38"]
[EventDate "2011.07.30"]
[EventType "swiss"]
[EventRounds "9"]
[EventCountry "BEL"]
[SourceTitle "EXT 2012"]
[Source "ChessBase"]
[SourceDate "2011.11.24"]
[SourceVersion "1"]
[SourceVersionDate "2011.11.24"]
[SourceQuality "1"]

1. d4 d6 2. e4 Nd7 3. c4 e5 4. d5 Nc5 5. Nc3 f5 6. exf5 Bxf5 7. Nf3 a5 8. Be2 Be7 9. 0-0 Nf6 10. Be3 b6 11. a3 0-0 12. b4 axb4 13. axb4 Nce4 14. Nxe4 Nxe4 15. Qb3 Bg4 16. Qc2 Nf6 17. Ng5 Bd7 18. Bd3 h6 19. Ne4 c5 1/2-1/2

[Event "Charleroi op"]
[Site "Charleroi"]
[Date "2011.07.31"]
[Round "2"]
[White "Gorts, Sven"]
[Black "Henris, Luc"]
[Result "0-1"]
[WhiteElo "1902"]
[BlackElo "2189"]
[PlyCount "44"]
[EventDate "2011.07.30"]
[EventType "swiss"]
[EventRounds "9"]
[EventCountry "BEL"]
[SourceTitle "EXT 2012"]
[Source "ChessBase"]
[SourceDate "2011.11.24"]
[SourceVersion "1"]
[SourceVersionDate "2011.11.24"]
[SourceQuality "1"]

1. e4 c5 2. Nf3 d6 3. d4 cxd4 4. Nxd4 Nf6 5. Nc3 g6 6. Be3 Bg7 7. Qd2 0-0 8. f3 Nc6 9. 0-0-0 Bd7 10. Bc4 Rb8 11. h4 b5 12. Bb3 Ne5 13. Bh6 Nc4 14. Qg5 Bxh6 15. Qxh6 e5 16. Ndxb5 Bxb5 17. Nxb5 Nxb2 18. Kxb2 Rxb5 19. g4 Qc7 20. h5 Rc8 21. hxg6 Qxc2+ 22. Ka1 Qc3+ 0-1

[Event "BEL-ch op"]
[Site "Westerlo"]
[Date "2010.07.08"]
[Round "6"]
[White "Verstraeten, Reinaert"]
[Black "Gorts, Sven"]
[Result "1-0"]
[WhiteElo "2011"]
[BlackElo "1845"]
[PlyCount "77"]
[EventDate "2010.07.03"]
[EventType "swiss"]
[EventRounds "9"]
[EventCountry "BEL"]
[SourceTitle "CBM 137 Extra"]
[Source "ChessBase"]
[SourceDate "2010.09.01"]
[SourceVersion "1"]
[SourceVersionDate "2010.09.01"]
[SourceQuality "1"]

1. e4 e5 2. Nf3 Nc6 3. Bb5 a6 4. Ba4 Nf6 5. 0-0 b5 6. Bb3 d6 7. Re1 Be7 8. c3 0-0 9. h3 Na5 10. Bc2 c5 11. d4 Qc7 12. d5 Bd7 13. Nbd2 Rfc8 14. Qe2 Nb7 15. b3 a5 16. a4 b4 17. Bb2 Ne8 18. Nc4 f6 19. Qd3 Nd8 20. Nfd2 g5 21. h4 h6 22. hxg5 hxg5 23. g3 Ng7 24. Kg2 Nb7 25. Rh1 Kf7 26. Rh6 Rh8 27. Rah1 Rxh6 28. Rxh6 Rg8 29. Bd1 Qd8 30. Qf1 Rh8 31. Qh1 Rxh6 32. Qxh6 Kg8 33. Ne3 Qc8 34. Ndc4 Qf8 35. Nb6 Be8 36. Bg4 Qf7 37. Nf5 Nd8 38. Nc4 Nb7 39. Nxg7 1-0

[Event "Brasschaat op 08th"]
[Site "Brasschaat"]
[Date "2008.08.16"]
[Round "1"]
[White "Gorts, Sven"]
[Black "Beukema, Louise"]
[Result "1/2-1/2"]
[WhiteElo "1849"]
[BlackElo "1271"]
[PlyCount "52"]
[EventDate "2008.08.16"]
[EventType "swiss"]
[EventRounds "9"]
[EventCountry "BEL"]
[SourceTitle "EXT 2017"]
[Source "ChessBase"]
[SourceDate "2016.10.25"]
[SourceVersion "1"]
[SourceVersionDate "2016.10.25"]
[SourceQuality "1"]

1. e4 e5 2. f4 Nc6 3. Nf3 d6 4. Bc4 Be7 5. 0-0 Nf6 6. Nc3 Bg4 7. h3 Bh5 8. g4 Nxg4 9. hxg4 Bxg4 10. Bxf7+ Kf8 11. fxe5 Nxe5 12. Bh5 Nxf3+ 13. Rxf3+ Bxf3 14. Qxf3+ Bf6 15. d3 g6 16. Bh6+ Ke8 17. Nd5 Bd4+ 18. Kg2 gxh5 19. Qxh5+ Kd7 20. Qf5+ Kc6 21. Bg5 Rg8 22. Nb4+ Kb6 23. Nd5+ Kc6 24. Nb4+ Kb6 25. Nd5+ Ka6 26. Nb4+ Kb6 1/2-1/2